000 00454nam a2200157 i 4500
001 52146
003 ES-MaACL
005 20230906162529.0
007 t|
008 030826s1935 gw ||||1| ger d
100 1 _aChristiansen, C.
_938655
245 1 0 _aFestliches spanien /
_cvon Fr. Christiansen.
260 _aLeipzig :
_b[s.n.],
_c1935 (
_fBibliographisches Institut A. G. Leipzig)
300 _a314 p., lám. ;
_c23 cm.
852 _aES-MaACL
_jA-4155
999 _c52146
_d52146